书目信息 |
| 题名: |
工效学概论
|
|
| 作者: | 李清壁 , 徐斌同 编 | |
| 分册: | ||
| 出版信息: | 北京 人民卫生出版社 1983 |
|
| 页数: | 161页 | |
| 开本: | 20cm | |
| 丛书名: | ||
| 单 册: | ||
| 中图分类: | TB18 | |
| 科图分类: | ||
| 主题词: | 人--机系统 | |
| 电子资源: | ||
| ISBN: | ||
| 000 | 00517nam0 2200193 45 | |
| 001 | 0312221749 | |
| 005 | 20060523161204.46 | |
| 010 | @dCNY0.71 | |
| 100 | @a20031222d1983 km y0chiy0120 ea | |
| 101 | @achi | |
| 200 | 1 | @a工效学概论@AGong Xiao Xue Gai Lun@f李清壁,徐斌同编@FLi Qing Bi,Xu Bin Tong Bian |
| 210 | @a北京@c人民卫生出版社@d1983 | |
| 215 | @a161页@d20cm | |
| 606 | 0 | @a人@x机系统 |
| 690 | @aTB18@v3 | |
| 701 | 0 | @a李清壁@4编 |
| 701 | 0 | @a徐斌同@4编 |
| 801 | @aCN@bTSTCL@c20060523 | |
| 905 | @a213230@dTB18@e41 | |
| 工效学概论/李清壁,徐斌同编.-北京:人民卫生出版社,1983 |
| 161页;20cm |
| ISBN :CNY0.71 |
| ● |
| 相关链接 |
|
|
|
|
正题名:工效学概论
索取号:TB18/41
 
预约/预借
| 序号 | 登录号 | 条形码 | 馆藏地/架位号 | 状态 | 备注 |
| 1 | 0101475 | 202370745 | 密集书库/ [索取号:TB18/41] | 在馆 | |
| 2 | 0101476 | 202370754 | 密集书库/ [索取号:TB18/41] | 在馆 |